00702nam a2200241 a 450000100060000000300080000600500170001400800410003102000210007203500190009304000270011204100080013908200260014710000250017324500440019825000120024226000320025430000260028650400520031265000330036465000220039783000410041962321BD-RjUL20211209081053.0170123s1993 enk b 001 0 eng  a0415094887 (pbk) a(BD-RjUL)62447 aDLCcDLCdBD-RjULbeng aeng00a155.418223bCOD 19931 aCohen, David,d1946-14aThe development of play /cDavid Cohen. a2nd ed. aLondon :bRoutledge,c1993. avii, 207 p. ;c23 cm. aIncludes bibliographical references and index. 0aPlayxPsychological aspects. 0aChild psychology. aConcepts in developmental psychology